Welcome to WEB OPAC of MRSPTU Central Library

Programming in C (Record no. 685)

MARC details
000 -LEADER
fixed length control field 00356nam a2200145Ia 4500
008 - FIXED-LENGTH DATA ELEMENTS--GENERAL INFORMATION
fixed length control field 230711s9999||||xx |||||||||||||| ||und||
041 ## - LANGUAGE CODE
Language code of text/sound track or separate title ENG
082 ## - DEWEY DECIMAL CLASSIFICATION NUMBER
Classification number 5
Item number BA-P
100 ## - MAIN ENTRY--PERSONAL NAME
Personal name Balagurusamy,E
245 #0 - TITLE STATEMENT
Title Programming in C
250 ## - EDITION STATEMENT
Edition statement 1st
260 ## - PUBLICATION, DISTRIBUTION, ETC.
Date of publication, distribution, etc. 1990
Place of publication, distribution, etc. New Delhi
Name of publisher, distributor, etc. Tata McGraw Hill Education Limited
650 ## - SUBJECT ADDED ENTRY--TOPICAL TERM
Topical term or geographic name entry element Computer Engineering
942 ## - ADDED ENTRY ELEMENTS (KOHA)
Koha item type Book
Holdings
Withdrawn status Lost status Damaged status Not for loan Collection Home library Current library Date acquired Total checkouts Full call number Barcode Date last seen Price effective from Koha item type
          MRSPTU Central Library MRSPTU Central Library     5 BA-P 3063 08/17/2023 08/17/2023 Book
          MRSPTU Central Library MRSPTU Central Library     5 BA-P 3064 08/17/2023 08/17/2023 Book
          MRSPTU Central Library MRSPTU Central Library     5 BA-P 3065 08/17/2023 08/17/2023 Book
          MRSPTU Central Library MRSPTU Central Library     5 BA-P 3066 08/17/2023 08/17/2023 Book
          MRSPTU Central Library MRSPTU Central Library     5 BA-P 3067 08/17/2023 08/17/2023 Book
          MRSPTU Central Library MRSPTU Central Library     5 BA-P 3068 08/17/2023 08/17/2023 Book
          MRSPTU Central Library MRSPTU Central Library     5 BA-P 3069 08/17/2023 08/17/2023 Book
          MRSPTU Central Library MRSPTU Central Library     5 BA-P 3070 08/17/2023 08/17/2023 Book
          MRSPTU Central Library MRSPTU Central Library     5 BA-P 3071 08/17/2023 08/17/2023 Book
          MRSPTU Central Library MRSPTU Central Library     5 BA-P 3072 08/17/2023 08/17/2023 Book

Website Designed and Developed by MRSPTU Central Library Team

E-mail Id: librarian@mrsptu.ac.in